[Event "WCO2014"]
[Site "Tromso"]
[Date "2014.08.09"]
[Round "7.14"]
[WhiteID "1200496"]
[White "Foisor Cristina-Adela"]
[BlackID "700550"]
[Black "Madl Ildiko"]
[Result "1/2-1/2"]
[LiveChessVersion "1.4.3"]
[BlackElo "2347"]
[WhiteElo "2404"]

1. Nf3 {[%clk 1:30:56]} d5 {[%clk 1:30:45]} 2. g3 {[%clk 1:31:19]} c6
{[%clk 1:30:49]} 3. Bg2 {[%clk 1:31:29]} Bg4 {[%clk 1:29:40]} 4. d3
{[%clk 1:31:04]} Nf6 {[%clk 1:28:14]} 5. Nbd2 {[%clk 1:31:26]} Nbd7
{[%clk 1:27:19]} 6. O-O {[%clk 1:31:36]} e5 {[%clk 1:26:17]} 7. e4
{[%clk 1:31:22]} dxe4 {[%clk 1:25:35]} 8. dxe4 {[%clk 1:31:45]} Bc5
{[%clk 1:25:43]} 9. h3 {[%clk 1:31:30]} Bh5 {[%clk 1:24:47]} 10. Qe2
{[%clk 1:31:27]} O-O {[%clk 1:24:13]} 11. Rd1 {[%clk 1:30:46]} Re8
{[%clk 1:20:22]} 12. Nf1 {[%clk 1:28:53]} Qc7 {[%clk 1:17:22]} 13. g4
{[%clk 1:27:08]} Bg6 {[%clk 1:17:32]} 14. Nh4 {[%clk 1:25:56]} Nf8
{[%clk 1:14:21]} 15. Nf5 {[%clk 1:22:31]} Ne6 {[%clk 1:10:27]} 16. N1g3
{[%clk 1:19:30]} Nf4 {[%clk 0:51:08]} 17. Qf3 {[%clk 1:19:39]} Rad8
{[%clk 0:49:34]} 18. Be3 {[%clk 1:17:53]} Bxe3 {[%clk 0:43:16]} 19. fxe3
{[%clk 1:13:10]} Nxg2 {[%clk 0:41:02]} 20. Kxg2 {[%clk 1:13:21]} Rxd1
{[%clk 0:40:19]} 21. Rxd1 {[%clk 1:13:25]} Rd8 {[%clk 0:37:55]} 22. Rd3
{[%clk 1:06:35]} Rxd3 {[%clk 0:30:19]} 23. cxd3 {[%clk 1:06:59]} Ne8
{[%clk 0:26:40]} 24. Qd1 {[%clk 1:01:44]} Qb6 {[%clk 0:15:54]} 25. Qd2
{[%clk 0:56:17]} Bxf5 {[%clk 0:14:02]} 26. Nxf5 {[%clk 0:52:45]} g6
{[%clk 0:13:26]} 27. Ng3 {[%clk 0:48:17]} Nd6 {[%clk 0:11:28]} 28. Kf3
{[%clk 0:47:25]} f6 {[%clk 0:11:02]} 29. Qc3 {[%clk 0:47:34]} Kf7
{[%clk 0:10:33]} 30. b4 {[%clk 0:46:28]} Ke7 {[%clk 0:09:46]} 31. g5
{[%clk 0:38:33]} Nf7 {[%clk 0:09:08]} 32. gxf6+ {[%clk 0:37:31]} Kxf6
{[%clk 0:09:33]} 33. h4 {[%clk 0:34:45]} Qd8 {[%clk 0:08:53]} 34. Nh1
{[%clk 0:27:56]} h5 {[%clk 0:06:55]} 35. Nf2 {[%clk 0:28:07]} g5 {[%clk 0:06:59]}
36. hxg5+ {[%clk 0:24:49]} Nxg5+ {[%clk 0:07:11]} 37. Ke2 {[%clk 0:25:14]} Ne6
{[%clk 0:07:08]} 38. Qa1 {[%clk 0:25:03]} Qb6 {[%clk 0:04:38]} 39. a3
{[%clk 0:23:39]} c5 {[%clk 0:03:40]} 40. Qh1 {[%clk 0:19:10]} cxb4
{[%clk 0:02:30]} 41. axb4 {[%clk 0:07:12]} Ng7 {[%clk 0:20:12]} 42. Qe1
{[%clk 0:32:46]} Qc6 {[%clk 0:19:14]} 43. Qb1 {[%clk 0:25:55]} Ne6
{[%clk 0:18:12]} 44. Qb2 {[%clk 0:25:26]} a6 {[%clk 0:17:43]} 45. Nd1
{[%clk 0:22:59]} Ng5 {[%clk 0:17:35]} 46. Nc3 {[%clk 0:23:06]} Qe6
{[%clk 0:17:32]} 47. Nd5+ {[%clk 0:23:30]} Kg6 {[%clk 0:16:42]} 48. Qc3
{[%clk 0:22:42]} Qg4+ {[%clk 0:15:32]} 49. Kd2 {[%clk 0:22:58]} Qg2+
{[%clk 0:14:36]} 50. Kc1 {[%clk 0:23:16]} Nf3 {[%clk 0:14:26]} 51. Ne7+
{[%clk 0:21:58]} Kf6 {[%clk 0:13:12]} 52. Nf5 {[%clk 0:21:01]} 1/2-1/2

[Event "WCO2014"]
[Site "Tromso"]
[Date "2014.08.09"]
[Round "7.15"]
[WhiteID "717444"]
[White "Gara Ticia"]
[BlackID "1210246"]
[Black "L'ami Alina"]
[Result "1-0"]
[LiveChessVersion "1.4.3"]
[BlackElo "2446"]
[WhiteElo "2321"]

1. e4 {[%clk 1:30:58]} e6 {[%clk 1:30:55]} 2. d4 {[%clk 1:31:14]} d5
{[%clk 1:31:20]} 3. Nd2 {[%clk 1:31:35]} Nf6 {[%clk 1:31:39]} 4. e5
{[%clk 1:31:17]} Nfd7 {[%clk 1:32:03]} 5. Bd3 {[%clk 1:31:01]} c5
{[%clk 1:32:27]} 6. c3 {[%clk 1:31:27]} Nc6 {[%clk 1:32:52]} 7. Ne2
{[%clk 1:31:41]} cxd4 {[%clk 1:33:07]} 8. cxd4 {[%clk 1:32:04]} f6
{[%clk 1:33:33]} 9. exf6 {[%clk 1:32:00]} Nxf6 {[%clk 1:33:57]} 10. Nf3
{[%clk 1:31:45]} Qc7 {[%clk 1:34:08]} 11. O-O {[%clk 1:30:53]} Bd6
{[%clk 1:34:34]} 12. Bg5 {[%clk 1:30:45]} O-O {[%clk 1:34:49]} 13. Rc1
{[%clk 1:30:37]} Bd7 {[%clk 1:35:00]} 14. Re1 {[%clk 1:27:16]} Qb6
{[%clk 1:16:50]} 15. Nc3 {[%clk 1:13:58]} Ng4 {[%clk 1:00:05]} 16. Bh4
{[%clk 0:57:37]} Bf4 {[%clk 0:48:24]} 17. Rc2 {[%clk 0:55:10]} Nb4
{[%clk 0:41:22]} 18. Rce2 {[%clk 0:54:52]} Rae8 {[%clk 0:30:45]} 19. Bb1
{[%clk 0:44:06]} e5 {[%clk 0:26:16]} 20. dxe5 {[%clk 0:38:23]} d4
{[%clk 0:21:50]} 21. h3 {[%clk 0:25:41]} Bc6 {[%clk 0:17:34]} 22. Nxd4
{[%clk 0:19:57]} Nxe5 {[%clk 0:15:42]} 23. Nxc6 {[%clk 0:17:28]} bxc6
{[%clk 0:12:34]} 24. Qb3+ {[%clk 0:14:55]} Kh8 {[%clk 0:11:49]} 25. a3
{[%clk 0:11:36]} Bd2 {[%clk 0:10:26]} 26. Rd1 {[%clk 0:05:49]} Bxc3
{[%clk 0:07:57]} 27. Qxc3 {[%clk 0:06:11]} Nd5 {[%clk 0:07:50]} 28. Rxd5
{[%clk 0:05:09]} cxd5 {[%clk 0:08:05]} 29. Rxe5 {[%clk 0:05:34]} Rxe5
{[%clk 0:01:33]} 30. Qxe5 {[%clk 0:06:02]} Qh6 {[%clk 0:01:53]} 31. Qg5
{[%clk 0:04:27]} Qc6 {[%clk 0:01:01]} 32. Bd3 {[%clk 0:03:43]} d4
{[%clk 0:00:47]} 33. Qh5 {[%clk 0:02:54]} h6 {[%clk 0:00:44]} 34. Qg6
{[%clk 0:01:18]} Qxg6 {[%clk 0:01:06]} 35. Bxg6 {[%clk 0:01:45]} Rb8
{[%clk 0:01:25]} 36. b4 {[%clk 0:02:04]} Rc8 {[%clk 0:01:52]} 37. Kf1
{[%clk 0:01:40]} Rc3 {[%clk 0:02:20]} 38. a4 {[%clk 0:01:49]} d3 {[%clk 0:02:15]}
39. Ke1 {[%clk 0:00:47]} Rc4 {[%clk 0:02:31]} 40. Be7 {[%clk 0:00:37]} Rc6
{[%clk 0:01:24]} 41. Bf5 {[%clk 0:30:19]} g6 {[%clk 0:25:30]} 42. b5
{[%clk 0:25:01]} Rc1+ {[%clk 0:22:39]} 43. Kd2 {[%clk 0:25:26]} Rf1
{[%clk 0:21:30]} 44. Bxd3 {[%clk 0:23:08]} Rxf2+ {[%clk 0:21:47]} 45. Kc3
{[%clk 0:23:12]} 1-0

[Event "WCO2014"]
[Site "Tromso"]
[Date "2014.08.09"]
[Round "7.16"]
[WhiteID "13903063"]
[White "Bulmaga Irina"]
[BlackID "739049"]
[Black "Papp Petra"]
[Result "1/2-1/2"]
[LiveChessVersion "1.4.3"]
[BlackElo "2274"]
[WhiteElo "2354"]

1. e4 {[%clk 1:30:57]} c5 {[%clk 1:30:34]} 2. Nf3 {[%clk 1:31:20]} d6
{[%clk 1:30:49]} 3. Bc4 {[%clk 1:31:40]} Nf6 {[%clk 1:29:53]} 4. d3
{[%clk 1:32:03]} g6 {[%clk 1:28:36]} 5. c3 {[%clk 1:32:16]} Bg7 {[%clk 1:28:01]}
6. O-O {[%clk 1:32:38]} O-O {[%clk 1:27:23]} 7. Re1 {[%clk 1:32:37]} Nc6
{[%clk 1:27:09]} 8. Bb3 {[%clk 1:32:59]} b5 {[%clk 1:20:47]} 9. h3
{[%clk 1:32:53]} a5 {[%clk 1:16:38]} 10. a4 {[%clk 1:32:58]} b4 {[%clk 1:15:23]}
11. Bg5 {[%clk 1:32:20]} h6 {[%clk 1:07:25]} 12. Be3 {[%clk 1:31:41]} Rb8
{[%clk 1:05:48]} 13. Nbd2 {[%clk 1:27:45]} Nd7 {[%clk 1:00:33]} 14. Rc1
{[%clk 1:12:00]} bxc3 {[%clk 0:50:02]} 15. bxc3 {[%clk 1:12:15]} Nce5
{[%clk 0:49:43]} 16. Nxe5 {[%clk 1:06:31]} Nxe5 {[%clk 0:49:19]} 17. Bc2
{[%clk 1:01:05]} Ba6 {[%clk 0:43:54]} 18. Nf1 {[%clk 0:54:08]} Rb2
{[%clk 0:36:51]} 19. f4 {[%clk 0:48:57]} Rxc2 {[%clk 0:28:52]} 20. Rxc2
{[%clk 0:46:01]} Nxd3 {[%clk 0:29:10]} 21. Ree2 {[%clk 0:44:59]} c4
{[%clk 0:27:53]} 22. Qb1 {[%clk 0:38:47]} Qa8 {[%clk 0:26:34]} 23. Qb6
{[%clk 0:30:30]} Bb7 {[%clk 0:25:32]} 24. Nd2 {[%clk 0:29:57]} d5
{[%clk 0:24:23]} 25. e5 {[%clk 0:25:56]} Bc6 {[%clk 0:20:53]} 26. Rb2
{[%clk 0:11:49]} Nxb2 {[%clk 0:18:05]} 27. Qxb2 {[%clk 0:12:17]} Bxa4
{[%clk 0:17:59]} 28. Qa3 {[%clk 0:12:23]} Qc6 {[%clk 0:13:30]} 29. Re1
{[%clk 0:09:24]} Ra8 {[%clk 0:12:24]} 30. Ra1 {[%clk 0:06:52]} Bc2
{[%clk 0:11:03]} 31. Ra2 {[%clk 0:05:04]} Bd3 {[%clk 0:10:18]} 32. Nf3
{[%clk 0:04:42]} e6 {[%clk 0:10:06]} 33. Bc5 {[%clk 0:05:04]} a4 {[%clk 0:06:12]}
34. Nd4 {[%clk 0:05:22]} Qe8 {[%clk 0:04:46]} 35. Qb4 {[%clk 0:03:50]} Bf8
{[%clk 0:04:22]} 36. Bxf8 {[%clk 0:03:20]} Qxf8 {[%clk 0:04:45]} 37. Rxa4
{[%clk 0:03:22]} Qxb4 {[%clk 0:01:17]} 38. Rxa8+ {[%clk 0:03:35]} Qf8
{[%clk 0:01:45]} 39. Rxf8+ {[%clk 0:03:58]} Kxf8 {[%clk 0:02:14]} 40. Kf2
{[%clk 0:03:58]} Ke7 {[%clk 0:01:47]} 41. g3 {[%clk 0:04:06]} Be4
{[%clk 0:23:40]} 42. h4 {[%clk 0:30:16]} Bf5 {[%clk 0:22:14]} 1/2-1/2

[Event "WCO2014"]
[Site "Tromso"]
[Date "2014.08.09"]
[Round "7.9"]
[WhiteID "13300210"]
[White "Danielian Elina"]
[BlackID "2012782"]
[Black "Krush Irina"]
[Result "1-0"]
[LiveChessVersion "1.4.3"]
[BlackElo "2474"]
[WhiteElo "2490"]

1. d4 {[%clk 1:30:58]} Nf6 {[%clk 1:30:47]} 2. c4 {[%clk 1:31:23]} e6
{[%clk 1:31:09]} 3. Nc3 {[%clk 1:31:49]} Bb4 {[%clk 1:31:30]} 4. e3
{[%clk 1:32:06]} O-O {[%clk 1:31:09]} 5. Nge2 {[%clk 1:32:20]} d5
{[%clk 1:30:59]} 6. a3 {[%clk 1:32:33]} Bd6 {[%clk 1:30:25]} 7. c5
{[%clk 1:32:56]} Be7 {[%clk 1:30:48]} 8. b4 {[%clk 1:32:35]} b6 {[%clk 1:30:01]}
9. Ng3 {[%clk 1:28:31]} a5 {[%clk 1:28:53]} 10. Bb2 {[%clk 1:21:36]} c6
{[%clk 1:27:58]} 11. Bd3 {[%clk 1:20:27]} Ba6 {[%clk 1:26:43]} 12. O-O
{[%clk 1:19:59]} Bxd3 {[%clk 1:16:06]} 13. Qxd3 {[%clk 1:20:20]} Na6
{[%clk 1:16:32]} 14. Na4 {[%clk 1:16:38]} Nd7 {[%clk 1:16:53]} 15. Bc3
{[%clk 1:08:57]} axb4 {[%clk 1:13:29]} 16. axb4 {[%clk 1:09:14]} Nc7
{[%clk 1:08:36]} 17. cxb6 {[%clk 1:04:37]} Nb5 {[%clk 1:08:57]} 18. b7
{[%clk 1:00:21]} Rb8 {[%clk 1:09:19]} 19. Rfc1 {[%clk 0:56:26]} Qc7
{[%clk 1:03:20]} 20. Bd2 {[%clk 0:52:28]} Rxb7 {[%clk 0:57:45]} 21. e4
{[%clk 0:50:53]} Nb6 {[%clk 0:44:20]} 22. Nc5 {[%clk 0:35:35]} Ra7
{[%clk 0:42:43]} 23. Nh5 {[%clk 0:29:39]} Rxa1 {[%clk 0:37:45]} 24. Rxa1
{[%clk 0:28:51]} g6 {[%clk 0:31:13]} 25. Bf4 {[%clk 0:23:41]} dxe4
{[%clk 0:23:08]} 26. Bxc7 {[%clk 0:04:50]} exd3 {[%clk 0:23:30]} 27. Bxb6
{[%clk 0:05:17]} d2 {[%clk 0:20:21]} 28. Rd1 {[%clk 0:04:22]} gxh5
{[%clk 0:19:33]} 29. Rxd2 {[%clk 0:04:43]} Rb8 {[%clk 0:13:49]} 30. Ba5
{[%clk 0:04:36]} h4 {[%clk 0:09:05]} 31. g4 {[%clk 0:03:40]} hxg3
{[%clk 0:09:15]} 32. hxg3 {[%clk 0:04:08]} Nc3 {[%clk 0:08:49]} 33. Rc2
{[%clk 0:01:50]} Bxc5 {[%clk 0:06:55]} 34. dxc5 {[%clk 0:00:38]} Nd5
{[%clk 0:07:01]} 35. Rc4 {[%clk 0:01:06]} f5 {[%clk 0:06:31]} 36. Kf1
{[%clk 0:01:33]} Kf7 {[%clk 0:06:13]} 37. Ke2 {[%clk 0:01:59]} h5
{[%clk 0:06:25]} 38. Kd3 {[%clk 0:01:48]} e5 {[%clk 0:05:48]} 39. Rh4
{[%clk 0:02:05]} Kg6 {[%clk 0:05:20]} 40. Kc4 {[%clk 0:02:15]} f4
{[%clk 0:03:16]} 41. Rh1 {[%clk 0:28:21]} Kg5 {[%clk 0:18:59]} 42. Re1
{[%clk 0:23:28]} Kf5 {[%clk 0:18:10]} 43. Rb1 {[%clk 0:23:11]} e4
{[%clk 0:10:20]} 44. gxf4 {[%clk 0:13:45]} h4 {[%clk 0:10:33]} 45. Rh1
{[%clk 0:14:13]} Kg4 {[%clk 0:09:35]} 46. f5 {[%clk 0:14:28]} h3 {[%clk 0:07:49]}
47. f6 {[%clk 0:14:51]} Nxf6 {[%clk 0:05:33]} 48. Kd4 {[%clk 0:13:59]} Rh8
{[%clk 0:03:18]} 49. Bc7 {[%clk 0:11:14]} Kf3 {[%clk 0:02:10]} 50. Be5
{[%clk 0:11:24]} Rh6 {[%clk 0:00:43]} 51. Bxf6 {[%clk 0:09:08]} Kg2
{[%clk 0:01:04]} 52. Rxh3 {[%clk 0:06:42]} Kxh3 {[%clk 0:00:59]} 53. Bg5
{[%clk 0:02:36]} Re6 {[%clk 0:00:58]} 54. Kc4 {[%clk 0:02:13]} Kg4
{[%clk 0:00:54]} 55. Be3 {[%clk 0:02:38]} Kf5 {[%clk 0:01:07]} 56. b5
{[%clk 0:02:06]} Ke5 {[%clk 0:00:46]} 57. Bd4+ {[%clk 0:02:26]} Kf5
{[%clk 0:00:54]} 58. bxc6 {[%clk 0:02:37]} Rxc6 {[%clk 0:01:21]} 59. Kd5
{[%clk 0:02:22]} Rc8 {[%clk 0:01:41]} 60. c6 {[%clk 0:02:14]} Rd8+
{[%clk 0:01:52]} 61. Kc5 {[%clk 0:02:05]} Ke6 {[%clk 0:02:07]} 62. c7
{[%clk 0:02:17]} Rc8 {[%clk 0:01:05]} 63. Kc6 {[%clk 0:02:43]} Rg8
{[%clk 0:00:33]} 64. Be3 {[%clk 0:02:35]} Rc8 {[%clk 0:00:33]} 65. Bg5
{[%clk 0:02:35]} Kf5 {[%clk 0:00:43]} 66. Bh4 {[%clk 0:02:20]} Kg4
{[%clk 0:00:59]} 67. Bf6 {[%clk 0:02:13]} Kf5 {[%clk 0:00:53]} 68. Be7
{[%clk 0:02:34]} Ke6 {[%clk 0:00:52]} 69. Bd8 {[%clk 0:02:53]} 1-0

[Event "WCO2014"]
[Site "Tromso"]
[Date "2014.08.09"]
[Round "7.11"]
[WhiteID "13301314"]
[White "Galojan Lilit"]
[BlackID "13301918"]
[Black "Abrahamyan Tatev"]
[Result "1/2-1/2"]
[LiveChessVersion "1.4.3"]
[BlackElo "2366"]
[WhiteElo "2275"]

1. d4 {[%clk 1:30:58]} e6 {[%clk 1:30:52]} 2. c4 {[%clk 1:30:56]} Nf6
{[%clk 1:31:17]} 3. Nc3 {[%clk 1:31:22]} Bb4 {[%clk 1:31:20]} 4. e3
{[%clk 1:31:46]} O-O {[%clk 1:31:39]} 5. Nge2 {[%clk 1:32:11]} d5
{[%clk 1:31:40]} 6. a3 {[%clk 1:32:33]} Be7 {[%clk 1:31:53]} 7. cxd5
{[%clk 1:32:33]} exd5 {[%clk 1:32:11]} 8. b4 {[%clk 1:32:54]} c6 {[%clk 1:30:39]}
9. Ng3 {[%clk 1:32:04]} Nbd7 {[%clk 1:28:15]} 10. Bd3 {[%clk 1:32:26]} a5
{[%clk 1:25:43]} 11. b5 {[%clk 1:31:34]} c5 {[%clk 1:17:39]} 12. O-O
{[%clk 1:31:10]} cxd4 {[%clk 1:14:50]} 13. exd4 {[%clk 1:31:21]} Nb6
{[%clk 1:14:15]} 14. Re1 {[%clk 1:23:19]} Re8 {[%clk 1:03:02]} 15. Bg5
{[%clk 1:04:35]} Bg4 {[%clk 0:48:05]} 16. f3 {[%clk 0:43:41]} Be6
{[%clk 0:47:19]} 17. Bf5 {[%clk 0:38:09]} h6 {[%clk 0:35:45]} 18. Bf4
{[%clk 0:33:21]} Bd6 {[%clk 0:32:40]} 19. Bxd6 {[%clk 0:24:40]} Qxd6
{[%clk 0:33:07]} 20. Bd3 {[%clk 0:24:40]} Rac8 {[%clk 0:30:35]} 21. Na4
{[%clk 0:20:44]} Nc4 {[%clk 0:20:24]} 22. Nc5 {[%clk 0:18:29]} b6
{[%clk 0:19:02]} 23. Bxc4 {[%clk 0:17:34]} dxc4 {[%clk 0:18:11]} 24. Nce4
{[%clk 0:16:39]} Nxe4 {[%clk 0:14:42]} 25. Nxe4 {[%clk 0:16:46]} Qd7
{[%clk 0:14:21]} 26. Qd2 {[%clk 0:16:57]} Red8 {[%clk 0:13:35]} 27. Rad1
{[%clk 0:12:34]} Qxb5 {[%clk 0:12:36]} 28. Nc3 {[%clk 0:12:59]} Qd7
{[%clk 0:11:42]} 29. d5 {[%clk 0:10:26]} Bf5 {[%clk 0:09:28]} 30. a4
{[%clk 0:08:57]} Qd6 {[%clk 0:05:51]} 31. Qd4 {[%clk 0:08:29]} Bd3
{[%clk 0:02:08]} 32. Re5 {[%clk 0:05:46]} Qb4 {[%clk 0:01:54]} 33. Rde1
{[%clk 0:04:03]} Bg6 {[%clk 0:01:33]} 34. Re7 {[%clk 0:04:07]} Rb8
{[%clk 0:00:49]} 35. Rc7 {[%clk 0:03:48]} Re8 {[%clk 0:00:40]} 36. Rxe8+
{[%clk 0:01:42]} Rxe8 {[%clk 0:01:08]} 37. Rxc4 {[%clk 0:01:47]} Qb2
{[%clk 0:00:57]} 38. Ne4 {[%clk 0:00:45]} Qb1+ {[%clk 0:00:48]} 39. Kf2
{[%clk 0:01:14]} b5 {[%clk 0:00:38]} 40. axb5 {[%clk 0:01:29]} Bxe4
{[%clk 0:00:45]} 41. fxe4 {[%clk 0:01:33]} Qxb5 {[%clk 0:23:38]} 42. h3
{[%clk 0:21:56]} f6 {[%clk 0:14:36]} 43. d6 {[%clk 0:19:01]} Rd8 {[%clk 0:11:48]}
44. Rc7 {[%clk 0:18:40]} a4 {[%clk 0:10:25]} 45. Ra7 {[%clk 0:11:29]} Qc6
{[%clk 0:08:29]} 46. d7 {[%clk 0:11:38]} a3 {[%clk 0:07:48]} 47. Qd5+
{[%clk 0:09:26]} Qxd5 {[%clk 0:08:13]} 48. exd5 {[%clk 0:09:53]} Kf7
{[%clk 0:04:46]} 49. Ke3 {[%clk 0:10:11]} Ke7 {[%clk 0:04:54]} 50. Rxa3
{[%clk 0:08:50]} Rxd7 {[%clk 0:04:56]} 51. Kd4 {[%clk 0:09:08]} Rb7
{[%clk 0:05:02]} 52. h4 {[%clk 0:07:59]} h5 {[%clk 0:04:00]} 53. Ra6
{[%clk 0:05:50]} Kd7 {[%clk 0:04:08]} 54. g3 {[%clk 0:04:43]} Rc7
{[%clk 0:01:48]} 55. Ra8 {[%clk 0:04:13]} Rb7 {[%clk 0:01:44]} 56. Rg8
{[%clk 0:02:46]} Kd6 {[%clk 0:02:04]} 57. Rd8+ {[%clk 0:03:01]} Ke7
{[%clk 0:02:29]} 58. Ra8 {[%clk 0:02:36]} Kd7 {[%clk 0:02:34]} 59. Ra3
{[%clk 0:02:53]} Kd6 {[%clk 0:02:22]} 60. Ra6+ {[%clk 0:03:15]} Kd7
{[%clk 0:02:49]} 61. Kc5 {[%clk 0:03:40]} Rc7+ {[%clk 0:02:51]} 62. Kd4
{[%clk 0:02:03]} Rb7 {[%clk 0:03:08]} 63. Ra8 {[%clk 0:01:30]} Kd6
{[%clk 0:03:26]} 64. Rd8+ {[%clk 0:01:55]} Ke7 {[%clk 0:03:50]} 65. Rh8
{[%clk 0:02:17]} Kd6 {[%clk 0:01:57]} 66. Rd8+ {[%clk 0:02:04]} Ke7 1/2-1/2

[Event "WCO2014"]
[Site "Tromso"]
[Date "2014.08.09"]
[Round "7.12"]
[WhiteID "1212915"]
[White "Foisor Sabina-Francesca"]
[BlackID "4129709"]
[Black "Kursova Maria"]
[Result "1-0"]
[LiveChessVersion "1.4.3"]
[BlackElo "2313"]
[WhiteElo "2252"]

1. d4 {[%clk 1:30:57]} Nf6 {[%clk 1:30:55]} 2. c4 {[%clk 1:31:23]} e6
{[%clk 1:31:21]} 3. Nc3 {[%clk 1:31:49]} Bb4 {[%clk 1:31:45]} 4. Qc2
{[%clk 1:32:05]} c5 {[%clk 1:31:53]} 5. dxc5 {[%clk 1:32:29]} O-O
{[%clk 1:32:11]} 6. Nf3 {[%clk 1:32:47]} Na6 {[%clk 1:31:47]} 7. g3
{[%clk 1:32:47]} Nxc5 {[%clk 1:31:55]} 8. Bg2 {[%clk 1:33:05]} b6
{[%clk 1:31:31]} 9. O-O {[%clk 1:32:06]} Bb7 {[%clk 1:31:33]} 10. Nb5
{[%clk 1:30:10]} Be4 {[%clk 1:29:26]} 11. Qd1 {[%clk 1:29:44]} a6
{[%clk 1:27:20]} 12. Nd6 {[%clk 1:29:26]} Bc6 {[%clk 1:27:30]} 13. Bf4
{[%clk 1:18:46]} Nce4 {[%clk 1:23:32]} 14. Nxe4 {[%clk 1:10:06]} Bxe4
{[%clk 1:22:17]} 15. Bd6 {[%clk 1:07:23]} Bxd6 {[%clk 1:21:41]} 16. Qxd6
{[%clk 1:07:47]} Qb8 {[%clk 1:10:46]} 17. Rfd1 {[%clk 1:01:14]} Qb7
{[%clk 1:03:23]} 18. Ne1 {[%clk 0:52:58]} Bxg2 {[%clk 0:40:27]} 19. Nxg2
{[%clk 0:51:54]} Rfc8 {[%clk 0:40:46]} 20. Ne3 {[%clk 0:50:02]} Rc6
{[%clk 0:40:14]} 21. Qf4 {[%clk 0:44:56]} b5 {[%clk 0:34:08]} 22. b3
{[%clk 0:42:11]} Qb8 {[%clk 0:21:40]} 23. Qf3 {[%clk 0:27:04]} Qc7
{[%clk 0:12:16]} 24. Rd2 {[%clk 0:22:57]} bxc4 {[%clk 0:11:57]} 25. bxc4
{[%clk 0:23:19]} Rb8 {[%clk 0:11:35]} 26. Rad1 {[%clk 0:23:24]} h5
{[%clk 0:07:27]} 27. h3 {[%clk 0:23:19]} Rc5 {[%clk 0:06:59]} 28. Rd6
{[%clk 0:20:59]} a5 {[%clk 0:06:33]} 29. Kf1 {[%clk 0:13:35]} Qb7
{[%clk 0:04:07]} 30. Qxb7 {[%clk 0:10:05]} Rxb7 {[%clk 0:04:35]} 31. f3
{[%clk 0:09:14]} Rb2 {[%clk 0:02:28]} 32. R1d2 {[%clk 0:07:12]} Rxd2
{[%clk 0:02:47]} 33. Rxd2 {[%clk 0:07:38]} d5 {[%clk 0:00:47]} 34. cxd5
{[%clk 0:07:33]} Nxd5 {[%clk 0:00:54]} 35. Nxd5 {[%clk 0:07:05]} exd5
{[%clk 0:01:20]} 36. Kf2 {[%clk 0:06:06]} Kf8 {[%clk 0:01:14]} 37. Ke3
{[%clk 0:05:55]} Ke7 {[%clk 0:01:41]} 38. Rb2 {[%clk 0:03:03]} Rc4
{[%clk 0:01:00]} 39. Kd3 {[%clk 0:02:23]} Kd6 {[%clk 0:01:03]} 40. a3
{[%clk 0:01:39]} Ra4 {[%clk 0:00:57]} 41. Rb3 {[%clk 0:01:59]} h4
{[%clk 0:24:58]} 42. g4 {[%clk 0:31:30]} g5 {[%clk 0:07:45]} 43. e3
{[%clk 0:29:01]} Ke5 {[%clk 0:07:32]} 44. Kc2 {[%clk 0:22:10]} f6
{[%clk 0:04:57]} 45. Kb2 {[%clk 0:20:30]} Rc4 {[%clk 0:02:28]} 46. Rb5
{[%clk 0:18:48]} Ke6 {[%clk 0:02:47]} 47. Rxa5 {[%clk 0:18:13]} d4
{[%clk 0:03:15]} 48. e4 {[%clk 0:11:38]} Rc3 {[%clk 0:02:52]} 49. Rf5
{[%clk 0:11:52]} Re3 {[%clk 0:03:11]} 50. a4 {[%clk 0:11:37]} Re2+
{[%clk 0:03:39]} 51. Kb3 {[%clk 0:10:31]} d3 {[%clk 0:03:26]} 52. a5
{[%clk 0:09:51]} d2 {[%clk 0:03:05]} 53. Rd5 {[%clk 0:08:07]} Re3+
{[%clk 0:03:17]} 54. Kb4 {[%clk 0:07:51]} Rxf3 {[%clk 0:03:11]} 55. a6
{[%clk 0:06:37]} Re3 {[%clk 0:02:31]} 56. Rxd2 {[%clk 0:05:17]} Rxe4+
{[%clk 0:02:52]} 57. Kb5 {[%clk 0:05:42]} Re3 {[%clk 0:01:14]} 58. Ra2
{[%clk 0:04:35]} f5 {[%clk 0:01:13]} 59. a7 {[%clk 0:04:37]} 1-0

[Event "WCO2014"]
[Site "Tromso"]
[Date "2014.08.09"]
[Round "7.28"]
[WhiteID "7101937"]
[White "Sukandar Irine Kharisma"]
[BlackID "12502014"]
[Black "Pourkashiyan Atousa"]
[Result "1-0"]
[LiveChessVersion "1.4.3"]
[BlackElo "2352"]
[WhiteElo "2396"]

1. e4 {[%clk 1:30:52]} e5 {[%clk 1:30:50]} 2. Bc4 {[%clk 1:30:06]} Nf6
{[%clk 1:31:04]} 3. d3 {[%clk 1:30:31]} Nc6 {[%clk 1:31:28]} 4. Nf3
{[%clk 1:30:37]} Be7 {[%clk 1:31:40]} 5. c3 {[%clk 1:30:29]} O-O {[%clk 1:31:12]}
6. Bb3 {[%clk 1:30:44]} d6 {[%clk 1:26:09]} 7. O-O {[%clk 1:28:51]} Na5
{[%clk 1:24:38]} 8. Bc2 {[%clk 1:28:57]} c5 {[%clk 1:24:54]} 9. d4
{[%clk 1:24:03]} Qc7 {[%clk 1:14:39]} 10. d5 {[%clk 1:23:39]} c4 {[%clk 1:13:20]}
11. b4 {[%clk 1:16:27]} cxb3 {[%clk 1:13:12]} 12. axb3 {[%clk 1:16:52]} b6
{[%clk 1:06:47]} 13. c4 {[%clk 1:11:30]} Nb7 {[%clk 1:02:24]} 14. Nc3
{[%clk 1:11:35]} a5 {[%clk 0:59:45]} 15. h3 {[%clk 1:10:18]} Bd7 {[%clk 0:57:16]}
16. Nh4 {[%clk 1:01:01]} Nc5 {[%clk 0:32:22]} 17. Nf5 {[%clk 0:57:51]} Bxf5
{[%clk 0:27:01]} 18. exf5 {[%clk 0:58:06]} Qd8 {[%clk 0:25:46]} 19. Nb5
{[%clk 0:54:06]} Ne8 {[%clk 0:22:29]} 20. Qh5 {[%clk 0:53:50]} h6
{[%clk 0:21:34]} 21. Re1 {[%clk 0:46:53]} Bg5 {[%clk 0:19:00]} 22. Bb2
{[%clk 0:36:46]} Nc7 {[%clk 0:11:17]} 23. Nxc7 {[%clk 0:24:05]} Qxc7
{[%clk 0:11:42]} 24. h4 {[%clk 0:24:03]} Bd8 {[%clk 0:10:15]} 25. Re3
{[%clk 0:21:38]} Qe7 {[%clk 0:08:30]} 26. Rh3 {[%clk 0:21:42]} Nd7
{[%clk 0:04:08]} 27. Qf3 {[%clk 0:20:35]} Rc8 {[%clk 0:03:24]} 28. Qd3
{[%clk 0:19:23]} Re8 {[%clk 0:02:57]} 29. Re1 {[%clk 0:19:14]} Nf6
{[%clk 0:02:19]} 30. Bc1 {[%clk 0:18:09]} Nd7 {[%clk 0:01:38]} 31. Qg3
{[%clk 0:14:16]} Kh8 {[%clk 0:01:33]} 32. Bg5 {[%clk 0:13:08]} f6
{[%clk 0:02:02]} 33. Bd2 {[%clk 0:12:35]} b5 {[%clk 0:02:17]} 34. Re4
{[%clk 0:12:15]} Nf8 {[%clk 0:01:06]} 35. Rg4 {[%clk 0:11:52]} Qf7
{[%clk 0:01:24]} 36. Qe3 {[%clk 0:11:28]} h5 {[%clk 0:01:04]} 37. Rg6
{[%clk 0:09:27]} Nxg6 {[%clk 0:01:19]} 38. fxg6 {[%clk 0:09:55]} Qd7
{[%clk 0:01:48]} 39. Rg3 {[%clk 0:09:04]} e4 {[%clk 0:00:48]} 40. Qe2
{[%clk 0:04:52]} Re5 {[%clk 0:01:06]} 41. Bg5 {[%clk 0:00:45]} Bb6
{[%clk 0:11:36]} 42. Qxh5+ {[%clk 0:31:33]} Kg8 {[%clk 0:12:04]} 43. Qh7+
{[%clk 0:31:51]} Kf8 {[%clk 0:12:32]} 44. Qh8+ {[%clk 0:30:42]} Ke7
{[%clk 0:12:56]} 45. Qxg7+ {[%clk 0:31:09]} Ke8 {[%clk 0:12:43]} 46. Qg8+
{[%clk 0:31:32]} Ke7 {[%clk 0:13:10]} 47. Qf7+ {[%clk 0:31:54]} Kd8
{[%clk 0:13:38]} 48. Bxf6+ {[%clk 0:32:17]} Kc7 {[%clk 0:14:00]} 49. Qxd7+
{[%clk 0:32:29]} Kxd7 {[%clk 0:14:27]} 50. Bxe5 {[%clk 0:32:53]} dxe5
{[%clk 0:14:17]} 51. g7 {[%clk 0:33:14]} 1-0